Normal view
MARC view
- الثقافة-الاقتصاد-الاردن-بحوث محكمة
Entry Topical Term
001 - CONTROL NUMBER
- control field: 47547
003 - CONTROL NUMBER IDENTIFIER
- control field: JO-AjAnu
005 - DATE AND TIME OF LATEST TRANSACTION
- control field: 20230606081841.0
008 - FIXED-LENGTH DATA ELEMENTS
- fixed length control field: 230606|| aca||aabn | a|a d
040 ## - CATALOGING SOURCE
- Original cataloging agency: JO-AjAnu
- Transcribing agency: JO-AjAnu
150 ## - HEADING--TOPICAL TERM
- Topical term or geographic name entry element: الثقافة-الاقتصاد-الاردن-بحوث محكمة
670 ## - SOURCE DATA FOUND
- Source citation: Work cat.: (JO-AjAnu)24331: الشرايري، خالد تيسير, author 47546, الثقافة والاقتصاد: اظاءات وأبحاث علمية محكمة